Mediterranean Countries - Statistics

General Stats
  • This quiz has been taken 40 times
  • The average score is 20 of 21
Answer Stats
Country % Correct
Croatia
100%
Egypt
100%
France
100%
Greece
100%
Italy
100%
Malta
100%
Morocco
100%
Spain
100%
Tunisia
100%
Albania
97%
Algeria
97%
Israel
97%
Monaco
97%
Slovenia
97%
Cyprus
94%
Libya
94%
Montenegro
94%
Turkey
94%
Bosnia and Herzegovina
91%
Lebanon
88%
Syria
78%
No matching quizzes found
Score Distribution
Percent of People with Each Score
Percentile by Number Answered
Your Score History
You have not taken this quiz